00794 a2200181 45000010006000000050017000060080041000230030015000640400040000790800035001192450056001542640050002103000024002605050262002840410008005461000020005547000038005745406420260407155811.0260407a1973 arg spa dAR-UNSa-BCEJYS aAR-UNSa-BCEJYSbspacAR-UNSa-BCEJYS a330.4xEconomía matemática10aTécnicas matemáticas del análisis económico 1aBogotá :bPrentice/Hall Internacionalc1973 axii, 262 p.c23 cm. aParte I: Análisis estático - 1. Análisis estático comparado - 2. Teoría de la optimización - Parte II: Análisis dinámico - 3. Técnicas para modelos económicos dinámicos - 4. Teoría de la estabilidad - 5. Teoría del control óptimo aspa1 aBenavie, Arthur1 aCastaño Ceballos, Jesús Maria